Movies Quiz

Random Movies or Clickable Quiz

Rejected Movie Titles Quiz Stats

Quiz Updated Aug 13, 2016

Challenge
Share
Tweet
Embed
Score 0/20 Timer 05:00
0 Plays Today
% Correct
The Breakfast Club
93.5%
Snakes on a Plane
91.2%
Scream
89.1%
Rocky
86.2%
Predator
82.9%
2001: Space Odyssey
81.5%
Goodfellas
79.4%
Big
72.5%
Field of Dreams
70.7%
Close Encounters of the Third Kind
65.2%
% Correct
Casablanca
64.7%
Child's Play
64.5%
Fatal Attraction
64.4%
Pretty Woman
62.9%
American Pie
61%
Alien
53.4%
Some Like it Hot
45.8%
E.T. the Extra-Terrestrial
45%
Stand by Me
43%
Annie Hall
41.7%

You're not logged in!

Compare scores with friends on all Sporcle quizzes.
Join for Free
OR
Log In

You Might Also Like...

Show Comments

Extras

Top Quizzes Today


Score Distribution

Your Account Isn't Verified!

In order to create a playlist on Sporcle, you need to verify the email address you used during registration. Go to your Sporcle Settings to finish the process.

Report this User

Report this user for behavior that violates our Community Guidelines.

Details: